[Event "120th New Zealand Championship"]
[Site "Wellington"]
[Date "2013.01.09"]
[Round "10.5"]
[White "Steadman, Michael"]
[Black "Stuart, Peter"]
[Result "1-0"]
[WhiteElo "2271"]
[BlackElo "2130"]
[PlyCount "53"]
[EventDate "2012.12.31"]
[EventType "swiss"]
[EventRounds "11"]
[EventCountry "NZL"]

1. e4 c5 2. Nf3 e6 3. d4 cxd4 4. Nxd4 Nc6 5. Nc3 Qc7 6. Be3 a6 7. Bd3 Nf6 8.
O-O Ne5 9. f4 Neg4 10. Bd2 Bc5 {Black's play is logical and thematic, it seems
he is getting great pressure down the weakened a7-g1 dark diagonal. However I
suspect some Steadman home cooking because appearances can be deceptive.} 11.
Nce2 {In my TWIC recent games database, this position has been reached 16
times, and each time Black has played to win a piece with the logical} e5 12.
fxe5 {Fifteen times this was the reply, and Black managed to grovel a draw in
only three of those games!} Qxe5 {Threatening mate as well as the pinned Nd4}
13. Bf4 Bxd4+ 14. Kh1 $1 {White's idea begins to be revealed} Qc5 15. Nxd4 Qxd4
16. e5 $1 {Recovering most of the material in a very advantageous way.} Nf2+
17. Rxf2 Qxf2 18. exf6 {Black is nominally an exchange up but his only
developed piece is an exposed queen, and his king is caught in the centre by
White's well developed and co-ordinated forces. The game is already decided} d5
(18... Qxf4 19. fxg7 Rg8 20. Qe1+ Kd8 21. Qa5+ {
is a very effective illustration of Black's problems}) 19. fxg7 Rg8 20. Be5 Qh4
21. Qf3 Be6 22. Qe3 Qh5 23. Re1 Qh4 24. Rf1 Qh5 25. Bf6 d4 26. Qxd4 Qd5 27. Qb4
1-0

[Event "120th New Zealand Championship"]
[Site "Wellington"]
[Date "2013.01.10"]
[Round "11.4"]
[White "Hague, Ben"]
[Black "Thomas, Ben"]
[Result "0-1"]
[WhiteElo "2430"]
[BlackElo "2260"]
[PlyCount "88"]
[EventDate "2012.12.31"]
[EventType "swiss"]
[EventRounds "11"]
[EventCountry "NZL"]

1. d4 e6 2. Nf3 f5 3. Bf4 Nf6 4. e3 b6 5. Be2 Bb7 6. Nbd2 Be7 7. h3 O-O 8. c3
Ne4 9. g4 {Repeating the anti-Dutch scheme previously employed against Mike
Steadman. Ben Hague enjoys his no holds barred king side attacks, but in this
position Black has extra tactical resources.} Nxd2 10. Qxd2 (10. Kxd2 $5 {
Is the computers suggestion, avoiding material losses}) 10... g5 $1 {
Winning material due to the combination of f file and long diagonal pressure...
} 11. gxf5 $5 {..Or at least forcing White to sacrifice something.} gxf4 12.
O-O-O {Black has to defend for a while but basically he is a piece up for not
that much.} Kh8 13. Rhg1 exf5 14. Rg2 d6 ({A nice winning simplification is} 
14... fxe3 15. Qxe3 Bd6 16. Rdg1 Qf6 17. Rg6 $1 f4 $1 $19) 15. Rdg1 Nd7 16. d5
Nc5 17. Qd4+ Bf6 18. Qxf4 Qe7 ({Why not} 18... Bxd5 {?}) 19. Qxf5 Rg8 20. Nd4
Rxg2 21. Rxg2 Rg8 (21... Rf8 $1 22. Qh5 Bxd4 23. cxd4 Ne4 {
white's pawns will start dropping}) 22. Rxg8+ Kxg8 23. b4 Bxd4 24. cxd4 Ne4 25.
Bf3 Ng5 26. Bh5 Ba6 27. a4 Bc4 28. h4 Nf7 29. Qc8+ Nd8 30. Qg4+ Qg7 31. Qc8 Qf6
32. Qg4+ (32. Qxc7 Bxd5 33. Be2 Nc6 34. b5 Qd8 $1 {is an amusing line}) 32...
Kf8 33. Qe4 Nf7 34. f3 Qe7 35. Qf4 Bxd5 {finally!} 36. e4 Be6 37. Kd2 d5 38.
Ke3 Qxb4 39. Qxc7 Qe1+ 40. Kd3 Qxh4 41. Bxf7 Bxf7 42. exd5 Bg6+ 43. Kc4 Qe7 44.
Qf4+ Kg7 0-1

[Event "New Zealand Rapid Championship 2013"]
[Site "Wellington"]
[Date "2013.01.12"]
[Round "6.1"]
[White "Ker, Anthony"]
[Black "Garbett, Paul"]
[Result "1-0"]
[WhiteElo "2363"]
[BlackElo "2292"]
[Annotator "Forster,Bill"]
[PlyCount "127"]
[EventDate "2013.??.??"]

1. e4 e6 2. d4 d5 3. e5 c5 4. c3 Nc6 5. Nf3 Qb6 6. a3 c4 7. Nbd2 Na5 8. g3 Bd7
9. h4 f5 10. exf6 gxf6 11. Bh3 O-O-O 12. O-O Nh6 13. Qe2 Nf7 14. Re1 Re8 15.
Rb1 Bd6 16. Kg2 Rhg8 17. Nf1 Qc7 18. N3h2 f5 19. Qh5 Rg7 20. Bh6 Rg6 21. Bd2
Rg7 22. Re2 f4 23. Qf3 Nb3 24. Rbe1 Nxd2 25. Rxd2 fxg3 26. fxg3 Reg8 27. Re3
Bf4 (27... Nh6 $1 {Is even stronger, the knight heads to f5, White will have
to capture it, leaving all of Black's pieces bearing down on his king,
including two unopposed bishops and a new mobile f pawn threatening a
devestating advance to f4}) 28. Rde2 Bxe3 29. Rxe3 Qd6 30. Ng4 Rxg4 $2 (30...
Rf8 $1 {Was a better way to keep the knight out of e5}) 31. Bxg4 Nh6 32. Bh3
Nf5 33. Bxf5 exf5 {This is much less effective now the supporting two bishops
and two rooks are gone. White has weathered the storm.} 34. Re5 Qb6 35. Kg1
Qxb2 36. Qxd5 Rd8 37. Qxc4+ {Now White is taking over} Kb8 38. d5 Qxa3 39. Qf4
Ka8 40. c4 Qc5+ 41. Kh2 Rc8 42. Ne3 a5 43. d6 Qb4 44. Nd5 Qb2+ 45. Kh3 Qa1 {
Excitement plus, both sides are threatening various mates} 46. Nb6+ Ka7 $1 {
Black is lost, but this is still better than} (46... Kb8 47. Nxd7+ Ka8 48. Qc1
{elegantly defusing Black's mate threat and reinforcing White's}) 47. Nxc8+
Bxc8 48. Kg2 Qb2+ 49. Qf2+ {A cute finishing touch} Qxf2+ 50. Kxf2 Kb6 51. Ke3
Kc6 52. c5 a4 53. Kd4 Bd7 54. Kc4 b6 55. cxb6 Kxb6 56. Re7 Kc6 57. Rxh7 Kxd6
58. Kb4 Be6 59. h5 Ke5 60. Rh6 Bb3 61. Rg6 Bc2 62. h6 f4 63. h7 Bxg6 64. h8=Q+
1-0

[Event "New Zealand Major Open 2012-2013"]
[Site "Wellington"]
[Date "2013.01.05"]
[Round "6.1"]
[White "Timergazi, Layla"]
[Black "Chew Lee, Max"]
[Result "0-1"]
[WhiteElo "1828"]
[BlackElo "1845"]
[PlyCount "48"]
[EventDate "2012.12.31"]
[EventType "swiss"]
[EventRounds "11"]
[EventCountry "NZL"]

1. d4 Nf6 2. c4 g6 3. Nc3 d5 4. cxd5 Nxd5 5. e4 Nxc3 6. bxc3 Bg7 7. Bg5 c5 8.
Rc1 O-O 9. Nf3 Bg4 10. d5 Nd7 11. Be2 Re8 12. O-O Nf6 13. Qc2 Qc7 14. Ne1 Bxe2
15. Qxe2 e6 $2 16. Bxf6 (16. d6 $1 {And the pawn is immune because of the fork
e5. In this way White gains enough time to play e5 next move.}) 16... Bxf6 17.
Qd2 exd5 18. exd5 c4 19. Nf3 Rad8 {Black takes over the game by hammering away
at the weakened White centre. Thematic Grunfeld play!} 20. Rfe1 Rxe1+ 21. Rxe1
Qa5 22. Rd1 Qxc3 23. Rc1 Qxd2 24. Nxd2 Bg5 $1 {More material is dropping off.}
0-1